Character in Wrong Book! Quiz Stats

Quiz Updated Feb 13, 2012

Challenge
Share
Tweet
Embed
Score 0/22 Timer 03:00
1 Play Today
Book w/Wrong Character Correct Character % Correct
The Grinch of Notre-DameHunchback
94.2%
Huckleberry's Adventures in WonderlandAlice
93.9%
Babar and the Giant PeachJames
92.2%
Candide's WebCharlotte
91.9%
Anna Karenina and the Deathly HallowsHarry Potter
90.1%
Curious MatildaGeorge
89.7%
Siddhartha of Green GablesAnne
85.3%
The Swiss Family HerzogRobinson
81.3%
The Strange Case of Dr. Dolittle and Mr. HydeDr. Jekyll
73%
Madame Bovary's CabinUncle Tom
69.5%
The Picture of Billy BuddDorian Gray
60.8%
Book w/Wrong Character Correct Character % Correct
Thidwick of the d'UrbervillesTess
59.6%
Lady Ivanhoe's LoverChatterley
52.4%
Are You There, God? It's Me, GulliverMargaret
51.8%
Lolita of Sunnybrook FarmRebecca
39.1%
Horton the ObscureJude
32.1%
The Prime of Miss Tristram ShandyJean Brodie
31%
A Prayer for Mary PoppinsOwen Meany
27.7%
Frankenstein's ComplaintPortnoy
27%
Elmer Gantry, Age 8Ramona Quimby
17.3%
Mrs. Dalloway and the Rats of NIMHMrs. Frisby
16%
Martin Chuzzlewit and His Steam ShovelMike Mulligan
11.6%

You're not logged in!

Compare scores with friends on all Sporcle quizzes.
Join for Free
OR
Log In

You Might Also Like...

Show Comments

Extras

Top Quizzes Today


Score Distribution

Your Account Isn't Verified!

In order to create a playlist on Sporcle, you need to verify the email address you used during registration. Go to your Sporcle Settings to finish the process.

Report this User

Report this user for behavior that violates our Community Guidelines.

Details: